000 00651cam a2200217 a 4500
001 000017459
005 20200929165124.0
008 800728s1970 ve 001 p spa d
040 _aDO-SdBNP
_bspa
_cDLC
_dBNPHU
082 _aVe861.44
_bA185f
100 1 _aAcosta Bello, Arnaldo,
_d1927-1996.
_938176
245 1 0 _aFuera del paraiso /
_cArnaldo Acosta Bello.
260 _aCaracas, (Venezuela) :
_bMonte Ávila Editores,
_c1970.
300 _a68 p. ;
_c20 cm.
490 1 _aAltazor
650 4 _aPoesía venezolana
_94230
650 4 _aLiteratura venezolana
_93816
830 0 _aAltazor
_98724
910 _aCatalogación derivada
049 _aBNGR
999 _c16984
_d16984